000 01363nam a2200337Ia 4500
001 ebr10060583
003 CaPaEBR
006 m u
007 cr cn|||||||||
008 920107s1992 enka sb 001 0 eng d
010 _z 92004000
020 _z0203221680
020 _z0415078407 :
040 _aCaPaEBR
_cCaPaEBR
035 _a(OCoLC)252782758
050 1 4 _aHN690.Z9
_bE464 1992eb
082 0 4 _a305.5/2/0954
_220
100 1 _aMitra, Subrata Kumar,
_d1949-
245 1 0 _aPower, protest, and participation
_h[electronic resource] :
_blocal elites and the politics of development in India /
_cSubrata K. Mitra.
260 _aLondon ;
_aNew York :
_bRoutledge,
_c1992.
300 _axvii, 315 p. :
_bill.
504 _aIncludes bibliographical references (p. 290-306) and index.
533 _aElectronic reproduction.
_bPalo Alto, Calif. :
_cebrary,
_d2009.
_nAvailable via World Wide Web.
_nAccess may be limited to ebrary affiliated libraries.
650 0 _aElite (Social sciences)
_zIndia.
650 0 _aRural development
_zIndia.
650 0 _aPolitical participation
_zIndia.
651 0 _aIndia
_xPolitics and government
_y1947-
655 7 _aElectronic books.
_2local
710 2 _aebrary, Inc.
856 4 0 _uhttp://site.ebrary.com/lib/rucke/Doc?id=10060583
_zAn electronic book accessible through the World Wide Web; click to view
999 _c155287
_d155287